Miletus Tragedyası (Record no. 1495)

000 -LEADER
fixed length control field 00398nam a22001577a 4500
008 - FIXED-LENGTH DATA ELEMENTS--GENERAL INFORMATION
fixed length control field 171023b xxu||||| |||| 00| p tur d
020 ## - INTERNATIONAL STANDARD BOOK NUMBER
International Standard Book Number 9758544020
041 ## - LANGUAGE CODE
Language code of text/sound track or separate title Türkçe
100 ## - MAIN ENTRY--PERSONAL NAME
9 (RLIN) 817
Personal name Erdoğan Uslu
245 ## - TITLE STATEMENT
Title Miletus Tragedyası
250 ## - EDITION STATEMENT
Edition statement 1.Basım
260 ## - PUBLICATION, DISTRIBUTION, ETC.
Place of publication, distribution, etc. İstanbul
Name of publisher, distributor, etc. Pentimento Yayınları
Date of publication, distribution, etc. Ekim 2001
300 ## - PHYSICAL DESCRIPTION
Extent 119 Sayfa
650 #0 - SUBJECT ADDED ENTRY--TOPICAL TERM
9 (RLIN) 145
Topical term or geographic name entry element Türk Edebiyatı
942 ## - ADDED ENTRY ELEMENTS (KOHA)
Source of classification or shelving scheme
Koha item type Books
Holdings
Withdrawn status Lost status Source of classification or shelving scheme Damaged status Not for loan Permanent Location Current Location Shelving location Date acquired Full call number Barcode Date last seen Price effective from Koha item type
        Ödünç verilemez İmren Ahmet Tüzün Kütüphanesi İmren Ahmet Tüzün Kütüphanesi Ahmet Tüzün 2017-10-23 PL 248 .E677 100100001473 2017-10-23 2017-10-23 Books
        Ödünç verilemez İmren Ahmet Tüzün Kütüphanesi İmren Ahmet Tüzün Kütüphanesi Ahmet Tüzün 2019-09-17 PL 248 .E677 100100004139 2019-09-17 2019-09-17 Books

This software was implemented, installed and managed by Devinim Software Training Consulting .